000 00243nam a2200109Ia 4500
005 20251222144703.0
008 251222s9999||||xx |||||||||||||| ||spa||
082 _a700/C76
245 0 _aMadrid:
264 _bComunidad de Madrid
942 _cLIB
999 _c17535
_d17535